Tilastot visalle Yleistieto #44

Klikkaa tästä pelataksesi tätä visaa!

Yleistilastot

  • Tätä visaa on pelattu 395 kertaa
  • Keskiarvotulos 7 / 15

Vastaustilastot

VinkkiVastaus% Oikein
Mistä kaupungista Hesburger on lähtöisin?Turusta
78%
Minkä bändin on vuoden 1986 hitti "The Final Countdown"?Europen
76%
Mikä on Japanin kansallisurheilulaji?Sumopaini
67%
Kuka on sarjakuvakoira Ressun omistaja?Jaska Jokunen
61%
Mikä on Kiinan pisin joki?Jangtse
59%
Kuka on ohjannut "Cliffhanger"-elokuvan?Renny Harlin
50%
Mikä on Etiopian pääkaupunki?Addis Abeba
49%
Mistä kaupungista tulee jalkapallojoukkue F Spartak?Moskovasta
42%
Kuka näytteli Monicaa 'Frendit'-sarjassa?Courtney Cox
38%
Kuka on Metallican laulaja?James Hetfield
32%
Mikä maa hallitsi Goan aluetta Intiassa vuosina 1520-1961?Portugali
29%
Kuka oli vankilasaari Robben Islandin kuuluisin asukki?Nelson Mandela
24%
Missä kaupungissa on Juseliuksen mausoleumi?Porissa
24%
Kuka näyttelijä oli Elizabeth Taylorin aviomies kahdesti?Richard Burton
18%
Minkä kaupungin Olympialaisissa otettiin käyttöön 'olympia renkaat'?Antwerpenin
11%

Tulosjakauma

Persentiili vastausten määrän mukaan

Jokaisen tuloksen saaneiden osuus

Tuloshistoriasi

Et ole pelannut tätä visaa